50 most common last names in the U.S.A. - Statistics

General Stats
  • This quiz has been taken 2,729 times
  • The average score is 15 of 50
Answer Stats
app. # Name % Correct
2,501,922 Smith
93%
2,014,470 Johnson
80%
1,544,427 Jones
66%
1,539,702 Brown
62%
770,970 Jackson
61%
1,738,413 Williams
58%
693,873 White
57%
455,121 Green
41%
678,951 Martin
38%
1,054,488 Miller
38%
432,738 Adams
37%
772,452 Thomas
37%
843,093 Wilson
37%
772,568 Anderson
36%
1,193,760 Davis
35%
683,925 Harris
35%
773,457 Taylor
35%
574,140 Lee
33%
380,511 Roberts
33%
631,698 Garcia
32%
669,003 Thompson
32%
456,069 Lopez
31%
569,523 Rodriguez
31%
581,958 Martinez
28%
477,504 Hernandez
27%
401,138 Carter
24%
412,842 Gonzalez
24%
562,062 Lewis
24%
574,497 Clark
22%
579,471 Robinson
21%
363,102 Parker
19%
425,277 Baker
18%
472,530 King
18%
775,944 Moore
18%
479,991 Young
18%
340,719 Edwards
17%
464,270 Hill
17%
385,485 Perez
16%
544,653 Walker
16%
350,667 Evans
15%
497,400 Hall
15%
494,913 Allen
14%
460,095 Scott
14%
402,894 Nelson
13%
370,563 Phillips
12%
470,043 Wright
11%
333,258 Collins
10%
397,920 Mitchell
10%
367,032 Campbell
9%
378,024 Turner
9%
No matching quizzes found
Score Distribution
Percent of People with Each Score
Percentile by Number Answered
Your Score History
You have not taken this quiz